00606 a2200193 450000100060000002000180000604000260002410000190005024000290006924500240009830000070012236200090012944000110013865000230014994200070017295201120017995201040029199900170039517965 a9785226002210 cAnchieta - Bela Vista aOrthof, Sylvia10aUm pipi choveu aquilpor10aUm pipi choveu aqui a160 a2005 1aGlobal 4aLiteratura juvenil cBK 00104070a91.4b91.4d2023-11-21l0oLJ 028.5 O77p ORT PIPp4045/BELr2023-11-21 17:42:23w2023-11-21yBK 00104070a88.1b88.1d2023-11-21l0o028.5 ORT PIPp4868/ITAr2023-11-21 20:06:11w2023-11-21yBK c17965d17965